[Event "Krefeld op"]
[Site "Krefeld"]
[Date "2023.08.04"]
[Round "4"]
[White "Berresheim, Nils"]
[Black "Jovanovic, Lucas"]
[Result "1-0"]
[WhiteElo "1720"]
[BlackElo "1553"]
[PlyCount "65"]
[EventDate "2023.08.02"]
[EventType "swiss"]
[EventRounds "9"]
[EventCountry "GER"]
[SourceTitle "CBM 215 Extra"]
[Source "ChessBase"]
[SourceDate "2023.09.30"]
[SourceVersion "1"]
[SourceVersionDate "2023.09.30"]
[SourceQuality "1"]

1. d4 Nf6 2. c4 c5 3. d5 b5 4. cxb5 a6 5. bxa6 g6 6. Nc3 Bg7 7. Nf3 0-0 8. e4 Qa5 9. Bd2 Bxa6 10. g3 Bxf1 11. Kxf1 d6 12. Kg2 Nbd7 13. Qc1 Rfb8 14. h4 Qb4 15. Rb1 Nxe4 16. Re1 Nxd2 17. Qxd2 Ne5 18. Nxe5 Bxe5 19. h5 Rxa2 20. Qh6 Rxb2 21. Rxb2 Qxb2 22. Rb1 Qxb1 23. Nxb1 Rxb1 24. Qe3 Rb2 25. h6 Kf8 26. Qa3 f6 27. Qa8+ Kf7 28. Qh8 Bd4 29. Qxh7+ Ke8 30. Qxg6+ Kd7 31. Qf5+ Kc7 32. h7 Rb8 33. Qe6 1-0